Los felinos y la gente de la Estrella Fluvial Inírida - EFI: (Registro nro. 8430)

Detalles MARC
000 -CABECERA
Campo de control 01159nam a22002897a 4500
005 - FECHA Y HORA DE LA ULTIMA TRANSACCION
Campo de control 20160129114526.0
008 - ELEMENTOS DE LONGITUD FIJA—INFORMACION GENERAL
Campo de control 140516b2013 ck ||||| |||| 00| 0 spa d
020 ## - ISBN
ISBN 9789588554334
040 ## - FUENTE DE CATALOGACIÓN
Agencia catalogadora original CO-BoIAVH
Agencia transcriptora CO-BoIAVH
041 1# - IDIOMA
Código de idioma para texto/pista de sonido o título separado Español
044 ## - PAÍS DE PUBLICACIÓN
País de publicación Colombia
082 04 - NUMERO DE CLASIFICACION DECIMAL DEWEY
Número de clasificación 599.75
Número del ítem R69f
110 10 - ASIENTO PRINCIPAL--NOMBRE CORPORATIVO
Nombre corporativo o de jurisdicción como elemento de entrada Rodriguez-Castellanos, P
9 (RLIN) 24086
245 14 - MENCION DE TITULO
Título Los felinos y la gente de la Estrella Fluvial Inírida - EFI:
Parte restante del título compartiendo el territorio
Mención de responsabilidad Rodriguez-Castellanos ... [et al]
246 04 - FORMA VARIANTE DEL TITULO
Título propiamente dicho/forma breve del título Nat yotdanot, ot poi nat epinot irigot naa ebutamdigu rlot cŕtyáni irigot mao jaá imindauot - EFI:
Parte restante del título trrmula palipá cajet nat jrlugot jajaá naa niti
260 ## - PUBLICACION, DISTRIBUCION, ETC. (PIE DE IMPRENTA)
Lugar de publicación, distribución, etc. Bogota
Nombre del editor, distribuidor, etc. CDA
-- Fundación Omacha
-- WWF
Fecha de publicación, distribución, etc. 2013
300 ## - DESCRIPCION FISICA
Extensión 48 p. (cada idioma)
Otros detalles físicos il. (col)
Dimensiones 19 cm.
490 ## - MENCION DE SERIE
Mención de serie Especies Amenazadas
Designación numérica/secuencial del volumen 44
500 ## - NOTA GENERAL
Nota general Cartilla divulgativa
650 #4 - ASIENTO SECUNDARIO DE MATERIA - TERMINO TEMATICO
Término temático o nombre geográfico como elemento de entrada Felinos
Subdivisión general Clasificación
9 (RLIN) 55392
650 #4 - ASIENTO SECUNDARIO DE MATERIA - TERMINO TEMATICO
Término temático o nombre geográfico como elemento de entrada Especies en peligro
9 (RLIN) 55393
650 #6 - ASIENTO SECUNDARIO DE MATERIA - TERMINO TEMATICO
Término temático o nombre geográfico como elemento de entrada Culturas indígenas
Subdivisión geográfica Estrella Fluvial (Inírida)
9 (RLIN) 55394
651 ## - ASIENTO SECUNDARIO DE MATERIA - NOMBRE GEOGRAFICO
Nombre geográfico Colombia
Subdivisión geográfica Irírida
-- Estrella Fluvial
9 (RLIN) 55395
700 1# - ASIENTO SECUNDARIO - NOMBRE PERSONAL
Nombre personal Botero-Cruz, A.
9 (RLIN) 24091
700 1# - ASIENTO SECUNDARIO - NOMBRE PERSONAL
Nombre personal Martínez-Callejas, S.
9 (RLIN) 2665
942 ## - ELEMENTOS ADICIONALES (KOHA)
Sistema de clasificación Dewey Decimal Classification
Tipo de ítem Impreso
Koha issues (borrowed), all copies 1
Existencias
Withdrawn status Lost status Sistema de Clasificación Damaged status No para préstamo Colección Inventariado Ubicación Permanente Ubicación actual Fecha de adquisición Fuente de Valor Valor Total Checkouts Número topográfico Inventario / Código de Barras Date last seen Date checked out Ejemplar Price effective from Forma de adquisición Tipo de material
    Dewey Decimal Classification     General Inventariado 2017 Bogotá Bogotá 16/05/2014 Instituto 39000.00 2 LB-599.75 R69f 059593 10/10/2019 10/10/2019 Ej. 1 16/05/2014   Libro
    Dewey Decimal Classification     General Inventariado 2017 Bogotá Bogotá 29/01/2016 Instituto 39000.00   LB-599.75 R69f 039639 29/01/2016   Ej. 2 29/01/2016   Libro